00481 2200205 4500001002100000008004100021035002000062245004300082100001800125250000600143260003200149300001100181084001400192082000800206650001300214990001200227990001200239990001200251990001200263INLIS000000000000657 ind  a0010-0424000633 aRahasia Dibalik KomputercBobbi Searle aSearle, Bobbi a1 aBandung :bPakar Rayac2007 a31 hlm a600 BOB r a600 aNonfiksi a0721682 a0721683 a0721684 a0721685